000 00295 a2200133 4500
001 64399
082 _a658.8 STA
090 _c38028
_d38028
100 _aStanton, W.J
245 _aFundamentals of Marketing
250 _a10th Edition
260 _aNew delhi
_cMcGraw-Hill
300 _a697p
942 _aCAE NUST
_k658.8 STA
999 _c299472
_d299472